000 01139 a2200193 4500
003 Nust
005 20220815151111.0
010 _a 95007037
020 _a0849383412 (acid-free paper)
040 _cNust
082 0 0 _a621.3815,CIR
245 0 4 _aThe circuits and filters handbook /
_ceditor-in-chief, Wai-Kai Chen.
260 _aBoca Raton, Fla. :
_bCRC Press ;
_a[New York] :
_bIEEE Press,
_c1995.
300 _axviii, 2861 p. :
_bill. ;
_c27 cm.
505 _aMathematics (Page-1), Circuits Components and Their Characterization (Page-261), General Circuits Theory (Page-401), Linear Circuit Analysis (Page-597), Feedback Circuits (Page-799), Nonlinear Circuits (Page-901), Nonlinear Circuits ii (Page-1009), Distributed Circuits (Page-1165), Stability Analysis (Page-1245),Computer Aided Design and optimization (Page-1373), Analog Integrated circuits (Page-1489), Digital and analog VLSI (Page-1781),Filter Characteristics (Page-2129), Passive Filters (Page-2239), Active Filters (Page-2337), Digital Filters (Page-2523).
650 0 _aTelecommunication Engineering.
700 1 _aChen, Wai-Kai,
_d1936-
_997232
942 _cREF
_2ddc
999 _c175680
_d175680